[Event "CSS Freestyle 8th"]
[Site "playchess.com"]
[Date "2008.04.13"]
[Round "8"]
[White "Spidey"]
[Black "HAKAN M"]
[Result "1/2-1/2"]
[WhiteElo "2364"]
[BlackElo "2354"]
[PlyCount "59"]
[EventDate "2008.04.11"]

1. e4 {4} d5 {4} 2. exd5 {63} Nf6 {4} 3. Nf3 {42} Nxd5 {14} 4. d4 {24} Bg4 {26}
5. h3 {38} Bxf3 {56} 6. Qxf3 {258} e6 {192} 7. c3 {175} c5 {81} 8. Bb5+ {450}
Nd7 {137} 9. c4 {357} N5b6 {153} 10. dxc5 {298} Bxc5 {18} 11. O-O {5} O-O {109}
12. Nc3 {46} Ne5 {312} 13. Qe4 {55} f6 {130} 14. Qxb7 {19} a6 {27} 15. Rd1 {23}
Qc8 {70} 16. Qxc8 {12} Rfxc8 {17} 17. Ba4 {7} Nexc4 {30} 18. Bc2 {13} Ra7 {100}
19. Rb1 {93} Bb4 {62} 20. Ne2 {508} g6 {153} 21. Be4 {16} f5 {52} 22. Bd3 {11}
Ne5 {130} 23. Nf4 {556} Nxd3 {113} 24. Nxd3 {7} Nd5 {165} 25. Nxb4 {15} Nxb4 {4
} 26. Rd6 {61} Nxa2 {33} 27. Be3 {27} Rb7 {152} 28. Rxa6 {7} Nc3 {3} 29. Re1 {
21} Rxb2 {26} 30. Rxe6 {Spidey bietet Remis (Lag: Av=0.31s, max=0.9s) 13}
1/2-1/2

[Event "CSS Freestyle 8th"]
[Site "playchess.com"]
[Date "2008.04.13"]
[Round "8"]
[White "Fulcrum2000"]
[Black "EnjoyTheSilence"]
[Result "1/2-1/2"]
[WhiteElo "1611"]
[BlackElo "1514"]
[PlyCount "80"]
[EventDate "2008.04.11"]

1. e4 {4} c5 {2} 2. Nf3 {31} d6 {20} 3. d4 {59} cxd4 {26} 4. Nxd4 {17} Nf6 {8}
5. Nc3 {8} a6 {9} 6. Bg5 {18} e6 {4} 7. f4 {42} Qb6 {3} 8. Qd3 {28} Qxb2 {43}
9. Rb1 {7} Qa3 {5} 10. f5 {9} Nc6 {406} 11. fxe6 {44} fxe6 {18} 12. Nxc6 {20}
bxc6 {2} 13. Be2 {5} Qa5 {154} 14. Qd2 {11} Be7 {79} 15. Bh5+ {156} g6 {56} 16.
Be2 {9} d5 {135} 17. Bh6 {346} Qc5 {75} 18. Rf1 {1285} Nxe4 {313} 19. Nxe4 {77}
dxe4 {17} 20. Rd1 {4} e5 {59} 21. Bg5 {18} Bxg5 {15} 22. Qxg5 {20} Qe7 {44} 23.
Rf6 {77} Be6 {30} 24. Qxe5 {4} Bf7 {17} 25. Qd6 {240} Qxd6 {57} 26. Rdxd6 {0}
Ke7 {17} 27. Rxc6 {24} Rhc8 {18} 28. Bxa6 {553} Rxc6 {36} 29. Rxc6 {6} Bxa2 {25
} 30. c4 {7} Bb1 {147} 31. Ke2 {80} Rb8 {67} 32. Bb5 {36} Ra8 {15} 33. Ra6 {172
} Bd3+ {169} 34. Ke3 {54} Rc8 {11} 35. Ra7+ {98} Kf6 {19} 36. Kd4 {15} Rd8+ {4}
37. Rd7 {22} Rxd7+ {29} 38. Bxd7 {0} Bf1 {2} 39. g3 {53} e3 {20} 40. Kxe3 {9}
Bxc4 {EnjoyTheSilence offers a draw (Lag: Av=0.53s, max=1.5s) 2} 1/2-1/2

[Event "CSS Freestyle 8th"]
[Site "playchess.com"]
[Date "2008.04.13"]
[Round "8"]
[White "Maschanska"]
[Black "Intuitivestra"]
[Result "1-0"]
[WhiteElo "2386"]
[BlackElo "2326"]
[PlyCount "81"]
[EventDate "2008.04.11"]

1. e4 {7} e6 {12} 2. d4 {16} d5 {4} 3. Nc3 {36} Bb4 {12} 4. e5 {29} Ne7 {75} 5.
a3 {358} Bxc3+ {20} 6. bxc3 {8} c5 {36} 7. Qg4 {83} O-O {5} 8. Nf3 {10} f5 {125
} 9. exf6 {239} Rxf6 {9} 10. Bg5 {13} Qa5 {29} 11. Bxf6 {12} Qxc3+ {5} 12. Ke2
{6} Qxc2+ {341} 13. Nd2 {14} Ng6 {46} 14. Be5 {257} c4 {63} 15. Qg5 {
Maschanska bietet Remis 20} Nc6 {202} 16. Ke1 {21} Qc3 {91} 17. Rd1 {83} Ngxe5
{146} 18. dxe5 {4} Qxa3 {56} 19. Be2 {13} b5 {93} 20. Nf3 {725} b4 {54} 21. Qh5
{152} g6 {104} 22. Qh4 {23} Qc3+ {57} 23. Kf1 {16} a5 {22} 24. Nd4 {157} Nxd4 {
235} 25. Rxd4 {5} Ba6 {111} 26. g3 {53} Re8 {106} 27. Bg4 {150} Bc8 {18} 28.
Kg2 {6} a4 {12} 29. Bh5 {35} Rf8 {629} 30. Rf4 {17} Qxe5 {23} 31. Rxf8+ {12}
Kxf8 {4} 32. Qd8+ {7} Kg7 {4} 33. Bf3 {68} b3 {Intuitivestra bietet Remis 70}
34. Qxc8 {70} h5 {81} 35. Qd7+ {16} Kh6 {38} 36. Qxa4 {33} b2 {12} 37. Qb4 {44}
c3 {10} 38. Bd1 {35} d4 {7} 39. Bc2 {32} Qd5+ {21} 40. f3 {
Intuitivestra bietet Remis 27} g5 {196} 41. Qf8# {(Lag: Av=0.41s, max=1.2s) 16}
1-0

[Event "CSS Freestyle 8th"]
[Site "playchess.com"]
[Date "2008.04.13"]
[Round "8"]
[White "Rentner2"]
[Black "Snuggles"]
[Result "0-1"]
[WhiteElo "2605"]
[BlackElo "2517"]
[PlyCount "76"]
[EventDate "2008.04.11"]

1. e4 {4} c5 {12} 2. Nf3 {76} Nc6 {4} 3. Bb5 {3} g6 {143} 4. Bxc6 {179} dxc6 {
34} 5. d3 {5} Bg7 {7} 6. h3 {4} Nf6 {19} 7. Nc3 {278} O-O {14} 8. Be3 {202} b6
{4} 9. Qd2 {5} e5 {26} 10. Bh6 {341} Qd6 {9} 11. Nh2 {430} Nh5 {241} 12. Ng4 {
302} Bxh6 {7} 13. Nxh6+ {152} Kg7 {86} 14. Ng4 {384} Be6 {81} 15. g3 {202} f6 {
164} 16. Ne2 {9} Kg8 {345} 17. b3 {420} b5 {128} 18. O-O {140} Ng7 {' 791} 19.
a4 {76} h5 {114} 20. Nh6+ {339} Kh7 {3} 21. h4 {2} f5 {103} 22. axb5 {213} cxb5
{5} 23. Qg5 {4} Bc8 {9} 24. Nc3 {16} Ne6 {19} 25. Nxf5 {7} Rxf5 {21} 26. Nxb5 {
4} Qd7 {16} 27. Qe3 {4} Rf8 {20} 28. Ra5 {17} a6 {12} 29. f3 {9} Rb8 {11} 30.
Nc3 {11} Nd4 {4} 31. Ne2 {3} Qh3 {34} 32. Rf2 {3} Nxe2+ {21} 33. Rxe2 {11} Bg4
{22} 34. Rf2 {5} Qxg3+ {13} 35. Rg2 {4} Qxf3 {13} 36. Qxf3 {3} Bxf3 {11} 37.
Rg3 {2} c4 {30} 38. bxc4 {3} Rb2 {
Rentner2 gibt auf (Lag: Av=0.54s, max=7.1s) 15} 0-1

[Event "CSS Freestyle 8th"]
[Site "playchess.com"]
[Date "2008.04.13"]
[Round "8"]
[White "Takker"]
[Black "Rajlich"]
[Result "1/2-1/2"]
[WhiteElo "2451"]
[BlackElo "2584"]
[PlyCount "90"]
[EventDate "2008.04.11"]

1. Nf3 {38} Nf6 {19} 2. d4 {12} g6 {14} 3. c4 {11} Bg7 {31} 4. Nc3 {29} O-O {6}
5. e4 {40} d6 {7} 6. Be2 {16} e5 {10} 7. O-O {49} Nc6 {9} 8. d5 {4} Ne7 {5} 9.
b4 {357} Nh5 {9} 10. Re1 {3} f5 {16} 11. Ng5 {16} Nf6 {9} 12. f3 {51} Kh8 {178}
13. Rb1 {24} Nh5 {268} 14. c5 {117} Nf4 {24} 15. Bc4 {33} h6 {1096} 16. Ne6 {8}
Bxe6 {15} 17. dxe6 {3} fxe4 {4} 18. fxe4 {13} Nc6 {8} 19. Kh1 {388} Nd4 {633}
20. Bxf4 {235} exf4 {9} 21. Ne2 {237} f3 {952} 22. Nxd4 {100} fxg2+ {10} 23.
Kg1 {151} dxc5 {9} 24. Nf3 {. 745} Qxd1 {61} 25. Rbxd1 {5} Rxf3 {7} 26. bxc5 {
142} Rc3 {167} 27. Bb3 {8} Rxc5 {9} 28. Rd7 {213} Re8 {17} 29. Red1 {93} Re5 {7
} 30. Rd8 {21} Rf8 {21} 31. Kxg2 {99} Rxe4 {98} 32. Rxf8+ {24} Bxf8 {7} 33. Rd8
{41} Kg7 {7} 34. Rd7+ {20} Kh8 {28} 35. Rxc7 {4} a5 {20} 36. Rxb7 {42} a4 {23}
37. Kf3 {4} Re5 {22} 38. Bc4 {5} Rc5 {95} 39. Rf7 {24} Rf5+ {19} 40. Rxf5 {9}
gxf5 {6} 41. Kf4 {2} Kg7 {18} 42. Kxf5 {6} Bd6 {34} 43. Bb5 {19} a3 {11} 44. h3
{3} Bb4 {26} 45. Bc4 {25} Bd6 {
Takker offers a draw (Lag: Av=0.44s, max=1.3s) 18} 1/2-1/2

[Event "CSS Freestyle 8th"]
[Site "playchess.com"]
[Date "2008.04.13"]
[Round "8"]
[White "Tatar"]
[Black "Ciron"]
[Result "1/2-1/2"]
[WhiteElo "2501"]
[BlackElo "2502"]
[PlyCount "91"]
[EventDate "2008.04.11"]

1. e4 {2} c5 {156} 2. Nf3 {14} Nc6 {12} 3. d4 {26} cxd4 {5} 4. Nxd4 {3} Nf6 {8}
5. Nc3 {24} e5 {50} 6. Ndb5 {18} d6 {11} 7. Bg5 {8} a6 {10} 8. Na3 {8} b5 {71}
9. Nd5 {20} Be7 {20} 10. Bxf6 {339} Bxf6 {35} 11. c4 {16} b4 {264} 12. Nc2 {2}
Rb8 {149} 13. Be2 {208} O-O {58} 14. O-O {8} Bg5 {68} 15. b3 {193} Be6 {560}
16. Qd3 {237} f5 {208} 17. Bf3 {16} g6 {663} 18. Rfd1 {124} Qc8 {83} 19. exf5 {
12} gxf5 {30} 20. Be2 {436} Kh8 {123} 21. a3 {5} bxa3 {17} 22. b4 {39} Ne7 {222
} 23. f4 {134} exf4 {303} 24. Qd4+ {11} Kg8 {14} 25. Nxe7+ {92} Bxe7 {12} 26.
Rxa3 {124} Bf6 {36} 27. Qxf4 {13} Be5 {6} 28. Qh4 {58} Rf7 {52} 29. Ra5 {64} f4
{236} 30. Rxe5 {. 892} dxe5 {10} 31. Qg5+ {2} Rg7 {9} 32. Qxe5 {4} Bg4 {7} 33.
Bxg4 {114} Rxg4 {5} 34. Qd5+ {247} Kh8 {4} 35. Qd4+ {12} Kg8 {11} 36. h3 {7}
Rg6 {17} 37. Qxf4 {4} a5 {22} 38. b5 {115} Qc5+ {11} 39. Kh2 {142} Rf8 {20} 40.
Qd4 {27} Qxd4 {87} 41. Rxd4 {46} Rf2 {10} 42. Ne3 {10} Rb2 {24} 43. Rd8+ {10}
Kf7 {20} 44. Rd7+ {7} Kg8 {87} 45. Rd8+ {6} Kf7 {12} 46. Rd7+ {
Tatar bietet Remis (Lag: Av=0.48s, max=2.0s) 3} 1/2-1/2

[Event "CSS Freestyle 8th"]
[Site "playchess.com"]
[Date "2008.04.13"]
[Round "8"]
[White "Ragged"]
[Black "Regina H-Milch"]
[Result "1/2-1/2"]
[WhiteElo "2450"]
[BlackElo "2459"]
[PlyCount "97"]
[EventDate "2008.04.11"]

1. e4 {6} c5 {7} 2. Nf3 {7} d6 {15} 3. d4 {5} cxd4 {6} 4. Nxd4 {6} Nf6 {5} 5.
Nc3 {3} a6 {30} 6. Bg5 {65} e6 {217} 7. Qf3 {8} h6 {113} 8. Be3 {7} e5 {154} 9.
Nb3 {21} Be7 {182} 10. h3 {35} Be6 {177} 11. Be2 {21} b5 {222} 12. a4 {799} b4
{38} 13. Nd5 {120} Bxd5 {86} 14. exd5 {95} Nbd7 {12} 15. O-O {194} Nb6 {557}
16. Qg3 {9} Kf8 {38} 17. Bxb6 {33} Qxb6 {16} 18. a5 {169} Qb7 {13} 19. Rad1 {99
} g5 {342} 20. Rfe1 {116} Ra7 {133} 21. Bd3 {190} Qa8 {94} 22. Bc4 {64} Rg8 {95
} 23. Qd3 {77} Qc8 {141} 24. Nd2 {37} Bd8 {329} 25. Ra1 {75} g4 {21} 26. Re3 {
72} Nh5 {145} 27. hxg4 {69} Nf4 {33} 28. Qb3 {37} Rxg4 {24} 29. g3 {44} Rc7 {
227} 30. Kf1 {64} Nh3 {19} 31. Bd3 {52} f5 {267} 32. Be2 {71} Rg6 {37} 33. Qxb4
{7} f4 {78} 34. Rxe5 {15} fxg3 {15} 35. fxg3 {49} Rxc2 {18} 36. Re6 {8} Rxe6 {
68} 37. dxe6 {20} Qxe6 {4} 38. Qe4 {Regina H-Milch bietet Remis 51} Qf7+ {38}
39. Kg2 {5} Nf4+ {18} 40. Qxf4 {54} Qxf4 {13} 41. gxf4 {23} Rxb2 {10} 42. Rd1 {
30} Bxa5 {12} 43. Nc4 {74} Rxe2+ {16} 44. Kf3 {. 185} Ra2 {7} 45. Rxd6 {46} Bc3
{28} 46. Rxh6 {11} a5 {30} 47. Ke4 {96} a4 {23} 48. Rb6 {84} Ra1 {38} 49. Ra6 {
Ragged offers a draw (Lag: Av=0.75s, max=1.6s) 29} 1/2-1/2

[Event "CSS Freestyle 8th"]
[Site "playchess.com"]
[Date "2008.04.13"]
[Round "8"]
[White "Death_cap"]
[Black "FATTAaMANO"]
[Result "1/2-1/2"]
[WhiteElo "2444"]
[BlackElo "2437"]
[PlyCount "108"]
[EventDate "2008.04.11"]

1. e4 {16} c5 {24} 2. Nf3 {11} Nc6 {12} 3. d4 {16} cxd4 {6} 4. Nxd4 {18} e5 {5}
5. Nb5 {25} d6 {5} 6. N1c3 {71} a6 {11} 7. Na3 {20} Nf6 {13} 8. Bg5 {20} Be7 {
13} 9. Nc4 {183} Be6 {7} 10. Bxf6 {18} Bxf6 {5} 11. Nxd6+ {260} Kf8 {7} 12. Bc4
{140} b5 {9} 13. Bb3 {40} Nd4 {15} 14. Nf5 {14} Nxf5 {8} 15. exf5 {19} Qxd1+ {7
} 16. Rxd1 {28} Bxf5 {8} 17. Nd5 {66} Be7 {30} 18. Ne3 {117} Bc8 {8} 19. O-O {
116} g6 {8} 20. Nd5 {53} Bc5 {9} 21. Rfe1 {117} Bg4 {361} 22. Rb1 {16} Kg7 {29}
23. h3 {220} Bd7 {204} 24. Rbd1 {151} Bc6 {107} 25. Rxe5 {644} Rhe8 {103} 26.
Rxe8 {17} Rxe8 {9} 27. Kf1 {11} a5 {56} 28. c3 {20} Rd8 {744} 29. a3 {77} f5 {
302} 30. h4 {399} h6 {484} 31. Nf4 {12} Rxd1+ {152} 32. Bxd1 {5} Kf6 {5} 33. b4
{160} axb4 {60} 34. axb4 {9} Ba7 {5} 35. Ne2 {167} Ke5 {39} 36. Ng1 {132} Bb6 {
19} 37. Nf3+ {FATTAaMANO reconnected. 44} Bxf3 {119} 38. Bxf3 {13} Kd6 {10} 39.
h5 {39} g5 {5} 40. Be2 {34} Kc6 {32} 41. f4 {25} gxf4 {8} 42. Bd3 {65} f3 {48}
43. gxf3 {13} f4 {FATTAaMANO bietet Remis 2} 44. Ke2 {41} Ba7 {12} 45. Be4+ {27
} Kc7 {32} 46. Kd3 {31} Be3 {15} 47. Bd5 {29} Kd6 {5} 48. Bf7 {52} Ke7 {34} 49.
Bg6 {10} Ba7 {44} 50. Ke4 {34} Bf2 {8} 51. Kd5 {15} Be1 {
FATTAaMANO bietet Remis 6} 52. Kd4 {106} Bf2+ {6} 53. Ke4 {6} Bh4 {19} 54. Bf5
{68} Be1 {Death_cap offers a draw (Lag: Av=4.37s, max=196.3s) 11} 1/2-1/2

[Event "CSS Freestyle 8th"]
[Site "playchess.com"]
[Date "2008.04.13"]
[Round "8"]
[White "New Man"]
[Black "Bushel"]
[Result "1/2-1/2"]
[WhiteElo "2517"]
[BlackElo "2438"]
[PlyCount "90"]
[EventDate "2008.04.11"]

1. e4 {39} c5 {37} 2. Nf3 {20} d6 {22} 3. d4 {11} cxd4 {5} 4. Nxd4 {18} Nf6 {10
} 5. Nc3 {11} a6 {14} 6. Be3 {17} e6 {165} 7. a3 {90} Nc6 {205} 8. Qf3 {133}
Nxd4 {13} 9. Bxd4 {128} Be7 {2} 10. e5 {640} dxe5 {167} 11. Bxe5 {15} Qa5 {220}
12. Qg3 {74} h5 {149} 13. Be2 {177} h4 {260} 14. Qf4 {73} Nd5 {251} 15. Qg4 {61
} Nf6 {171} 16. Qd4 {12} Bd7 {58} 17. O-O {315} Qc5 {7} 18. Qxc5 {179} Bxc5 {4}
19. Bf3 {79} O-O-O {2} 20. Rfd1 {116} Bc6 {137} 21. Bxc6 {32} bxc6 {17} 22. h3
{40} Be7 {99} 23. Kf1 {154} Rh5 {255} 24. Rxd8+ {63} Kxd8 {2} 25. Re1 {75} Rf5
{197} 26. Na4 {168} g5 {55} 27. Rd1+ {14} Ke8 {14} 28. Bd4 {71} c5 {8} 29. Bxf6
{107} Bxf6 {10} 30. f3 {122} a5 {8} 31. Ke2 {41} Re5+ {5} 32. Kf2 {35} Rf5 {5}
33. c3 {27} Be5 {6} 34. Ke2 {59} Bb8 {2} 35. Nb6 {54} Re5+ {2} 36. Kf2 {10} Bc7
{5} 37. Nc4 {20} Rd5 {153} 38. Rxd5 {27} exd5 {2} 39. Ne3 {21} d4 {2} 40. cxd4
{35} cxd4 {2} 41. Nd5 {55} Bd6 {16} 42. Ke2 {53} Kd7 {24} 43. Nb6+ {42} Kc6 {20
} 44. Nc4 {20} a4 {14} 45. Kd3 {20} Bc5 {
New Man offers a draw (Lag: Av=0.41s, max=1.3s) 4} 1/2-1/2

[Event "CSS Freestyle 8th"]
[Site "playchess.com"]
[Date "2008.04.13"]
[Round "8"]
[White "WindPower"]
[Black "Bruckmann"]
[Result "1-0"]
[WhiteElo "2465"]
[BlackElo "2438"]
[PlyCount "81"]
[EventDate "2008.04.11"]

1. e4 {9} c5 {13} 2. b4 {3} cxb4 {35} 3. a3 {3} e5 {49} 4. Nf3 {4} Nc6 {27} 5.
Bb5 {2} Nf6 {95} 6. O-O {3} Qb6 {1011} 7. Bc4 {622} Bd6 {1018} 8. axb4 {432}
Bxb4 {17} 9. c3 {7} Bc5 {212} 10. Na3 {373} a6 {8} 11. Nc2 {3} Be7 {
WindPower reconnected. 13} 12. d4 {140} d6 {26} 13. Ne3 {171} O-O {18} 14. Nd5
{3} Nxd5 {485} 15. exd5 {100} Na5 {7} 16. Bd3 {96} Qc7 {5} 17. dxe5 {558} dxe5
{14} 18. Qc2 {1} g6 {15} 19. c4 {10} b6 {48} 20. Re1 {WindPower reconnected. 5}
Bb4 {337} 21. Rxe5 {20} Bg4 {6} 22. Bb2 {WindPower reconnected. 395} Bxf3 {105}
23. gxf3 {1} Nb7 {22} 24. f4 {101} f6 {19} 25. Re3 {67} Rf7 {236} 26. Rg3 {71}
Bf8 {8} 27. Bf5 {70} Qxf4 {12} 28. Rg4 {126} Qc7 {114} 29. Be6 {1} Nc5 {8} 30.
Re1 {7} Bd6 {39} 31. Bxf6 {. 145} Nxe6 {37} 32. Rxe6 {2} Bxh2+ {11} 33. Kg2 {25
} Bd6 {13} 34. Rxg6+ {136} hxg6 {0} 35. Qxg6+ {2} Rg7 {8} 36. Bxg7 {4} Qxg7 {5}
37. Rxd6 {2} b5 {53} 38. Qxg7+ {63} Kxg7 {0} 39. c5 {2} b4 {17} 40. Rb6 {17}
Kf7 {9} 41. c6 {Bruckmann resigns (Lag: Av=0.65s, max=1.4s) 48} 1-0

[Event "CSS Freestyle 8th"]
[Site "playchess.com"]
[Date "2008.04.13"]
[Round "8"]
[White "Icy45"]
[Black "Etaoin Shrdlu"]
[Result "0-1"]
[WhiteElo "2484"]
[BlackElo "2510"]
[PlyCount "72"]
[EventDate "2008.04.11"]

1. Nf3 {7} d5 {25} 2. c4 {7} d4 {43} 3. e3 {6} Nc6 {86} 4. exd4 {8} Nxd4 {39}
5. Nxd4 {8} Qxd4 {3} 6. Nc3 {7} e5 {674} 7. d3 {188} Ne7 {7} 8. Be2 {74} Qd8 {9
} 9. O-O {142} c6 {8} 10. Re1 {131} g6 {10} 11. Bg5 {111} Bg7 {7} 12. Ne4 {122}
O-O {7} 13. h4 {96} h6 {612} 14. Bd2 {154} f5 {7} 15. Nc3 {134} Be6 {7} 16. a4
{188} Nc8 {7} 17. h5 {79} g5 {17} 18. a5 {79} g4 {46} 19. Qa4 {74} f4 {442} 20.
a6 {30} g3 {21} 21. axb7 {23} Qh4 {18} 22. Bf3 {84} gxf2+ {9} 23. Kf1 {5} Rb8 {
17} 24. Reb1 {221} Ne7 {8} 25. Ne4 {64} Rxb7 {160} 26. Nxf2 {130} Nf5 {53} 27.
Bc3 {144} e4 {37} 28. dxe4 {46} Ne3+ {547} 29. Kg1 {45} Bxc3 {14} 30. bxc3 {231
} Nxg2 {18} 31. Rxb7 {42} Ne3 {33} 32. Nh1 {33} Kh8 {3} 33. Rb2 {47} Rg8+ {83}
34. Bg2 {11} Ng4 {20} 35. Bf3 {68} Nf2+ {290} 36. Kf1 {37} Nxh1 {
Icy45 resigns (Lag: Av=0.27s, max=0.8s) 9} 0-1

[Event "CSS Freestyle 8th"]
[Site "playchess.com"]
[Date "2008.04.13"]
[Round "8"]
[White "Heffalump"]
[Black "Frau Holle"]
[Result "1-0"]
[WhiteElo "2530"]
[BlackElo "2411"]
[PlyCount "136"]
[EventDate "2008.04.11"]

1. Nf3 {7} d5 {25} 2. g3 {33} Nf6 {16} 3. Bg2 {10} c6 {19} 4. c4 {17} dxc4 {45}
5. O-O {16} Nbd7 {98} 6. Qc2 {6} Nb6 {410} 7. a4 {8} a5 {91} 8. Na3 {20} Qd5 {
42} 9. Ne1 {13} Bf5 {13} 10. Bxd5 {37} Bxc2 {31} 11. Bxc6+ {6} bxc6 {17} 12.
Naxc2 {0} g6 {125} 13. d4 {47} Bg7 {65} 14. Nf3 {4} O-O {90} 15. Ne5 {633} Nfd5
{75} 16. Bd2 {504} c5 {91} 17. Ne3 {13} cxd4 {80} 18. Nxd5 {13} Nxd5 {17} 19.
Nxc4 {2} Ra6 {110} 20. Rfc1 {134} Rfa8 {171} 21. f4 {10} f5 {52} 22. Kf1 {18}
Bf6 {80} 23. Rab1 {64} Kf7 {58} 24. Na3 {9} Bg7 {59} 25. Nb5 {31} Rd8 {67} 26.
b3 {108} Nf6 {70} 27. Be1 {50} Ne4 {176} 28. Rd1 {28} g5 {75} 29. fxg5 {50}
Nxg5 {59} 30. Rbc1 {6} Ne4 {69} 31. Nc7 {56} Ra7 {87} 32. Rc6 {4} Nd6 {35} 33.
Rc5 {115} Rc8 {64} 34. Rdc1 {8} Ne4 {25} 35. Rc6 {18} Be5 {39} 36. Nb5 {89}
Rxc6 {126} 37. Rxc6 {5} Ra8 {Frau Holle bietet Remis 118} 38. Na3 {15} Ra7 {180
} 39. Rb6 {17} Bc7 {61} 40. Rh6 {122} Be5 {42} 41. Rc6 {360} h5 {8} 42. Nc4 {47
} Bc7 {38} 43. Bf2 {10} Nxf2 {92} 44. Kxf2 {5} Rb7 {91} 45. Rc5 {95} Kf6 {17}
46. Ke1 {39} e5 {71} 47. Rb5 {112} Ra7 {14} 48. Kd2 {17} e4 {29} 49. Kc2 {54}
Ke6 {35} 50. Rc5 {44} Rb7 {44} 51. Rc6+ {8} Kd5 {53} 52. Ra6 {187} Rb8 {8} 53.
Rf6 {135} d3+ {25} 54. exd3 {4} exd3+ {6} 55. Kc3 {7} Be5+ {31} 56. Nxe5 {5}
Kxe5 {18} 57. Ra6 {226} h4 {92} 58. Rxa5+ {4} Ke4 {9} 59. Rc5 {
Heffalump bietet Remis 28} h3 {45} 60. a5 {72} Kf3 {8} 61. b4 {141} Kg2 {11}
62. b5 {Frau Holle bietet Remis 16} Kxh2 {14} 63. Rxf5 {12} Kg2 {12} 64. Rh5 {
96} Rd8 {7} 65. Kd2 {20} Rg8 {175} 66. b6 {37} Rb8 {15} 67. Kxd3 {54} Kxg3 {6}
68. Kc4 {15} h2 {Frau Holle gibt auf (Lag: Av=0.50s, max=1.3s) 6} 1-0

[Event "CSS Freestyle 8th"]
[Site "playchess.com"]
[Date "2008.04.13"]
[Round "8"]
[White "Badbishop1"]
[Black "Jpsingh"]
[Result "1/2-1/2"]
[WhiteElo "2356"]
[BlackElo "2401"]
[PlyCount "81"]
[EventDate "2008.04.11"]

1. e4 {6} c5 {30} 2. Nf3 {19} d6 {8} 3. d4 {23} cxd4 {12} 4. Nxd4 {6} Nf6 {9}
5. Nc3 {22} a6 {31} 6. Bd3 {46} e5 {13} 7. Nde2 {68} Be7 {17} 8. O-O {14} O-O {
13} 9. Ng3 {33} g6 {220} 10. Re1 {69} Nbd7 {158} 11. h3 {110} Nc5 {257} 12. Bc4
{28} b5 {66} 13. Bd5 {60} Nxd5 {40} 14. Nxd5 {13} Bb7 {29} 15. Bh6 {20} Re8 {23
} 16. Qd2 {77} Bh4 {91} 17. Rad1 {47} Rc8 {34} 18. c3 {35} Na4 {112} 19. Re2 {
81} Nb6 {149} 20. Nxb6 {25} Qxb6 {49} 21. Re3 {240} Re6 {48} 22. Qe2 {128} Qa5
{48} 23. Red3 {249} Bxg3 {95} 24. fxg3 {9} Qd8 {466} 25. Qd2 {493} Qb6+ {11}
26. Kh2 {95} Rd8 {343} 27. Re1 {Badbishop1 offers a draw 13} Bc6 {42} 28. g4 {
85} a5 {123} 29. b3 {195} a4 {98} 30. g5 {211} Qc7 {71} 31. Kg1 {115} Ra8 {48}
32. Qd1 {150} Bb7 {82} 33. Qd2 {59} axb3 {48} 34. axb3 {4} Bc6 {65} 35. Qd1 {83
} Ra2 {58} 36. Rd2 {65} Rxd2 {51} 37. Qxd2 {2} Re8 {43} 38. Qd3 {60} Qa7+ {192}
39. Kh2 {16} Re6 {15} 40. Qf3 {42} Qb7 {89} 41. Qe2 {
Jpsingh offers a draw (Lag: Av=0.61s, max=1.2s) 50} 1/2-1/2

[Event "CSS Freestyle 8th"]
[Site "playchess.com"]
[Date "2008.04.13"]
[Round "8"]
[White "Nasi"]
[Black "ChessPapaRazzi"]
[Result "1/2-1/2"]
[WhiteElo "2415"]
[BlackElo "2367"]
[PlyCount "117"]
[EventDate "2008.04.11"]

1. e4 {17} c5 {13} 2. Nf3 {74} d6 {10} 3. d4 {65} cxd4 {7} 4. Nxd4 {49} Nf6 {45
} 5. Nc3 {36} a6 {7} 6. Be3 {98} e5 {Nasi reconnected. 36} 7. Nb3 {51} Be7 {58}
8. f3 {35} Qc7 {50} 9. g4 {122} h6 {121} 10. Qd2 {44} b5 {147} 11. O-O-O {63}
Be6 {79} 12. h4 {49} Nbd7 {104} 13. Qg2 {89} Nb6 {45} 14. g5 {7} Nh5 {76} 15.
gxh6 {21} gxh6 {41} 16. Qg1 {8} Rb8 {50} 17. Bh3 {46} b4 {60} 18. Na4 {144} Nc4
{92} 19. Bxe6 {132} Nxe3 {12} 20. Nbc5 {166} Nxd1 {91} 21. Nxa6 {19} Qb7 {49}
22. Nxb8 {6} Nc3 {91} 23. bxc3 {3} fxe6 {107} 24. Qb6 {103} Qxb6 {26} 25. Nxb6
{7} Ng3 {74} 26. Re1 {15} bxc3 {124} 27. Nc6 {288} Bxh4 {36} 28. Rd1 {16} Ne2+
{100} 29. Kb1 {11} Nd4 {98} 30. Nxd4 {55} exd4 {17} 31. Rxd4 {2} h5 {85} 32.
Rxd6 {8} Bg3 {33} 33. Rd1 {15} h4 {56} 34. a4 {18} h3 {64} 35. Rh1 {6} h2 {101}
36. Ka2 {7} Bf4 {51} 37. a5 {27} Rh5 {29} 38. Nc4 {60} Kd7 {468} 39. a6 {50}
Kc7 {230} 40. e5 {122} Kb8 {257} 41. Na5 {126} Ka7 {214} 42. Nc6+ {25} Kxa6 {
120} 43. Nb4+ {6} Kb5 {271} 44. Nd3 {11} Be3 {80} 45. Kb3 {4} Bd4 {14} 46. Nf4
{17} Rh6 {15} 47. Ne2 {20} Kc5 {44} 48. Nxc3 {4} Bxe5 {37} 49. Ne4+ {2} Kd4 {11
} 50. Nf2 {32} Rh8 {61} 51. c3+ {68} Ke3 {155} 52. Ng4+ {8} Kxf3 {5} 53. Nxe5+
{15} Kg2 {3} 54. Rxh2+ {26} Rxh2 {27} 55. c4 {6} Rh5 {29} 56. Nd3 {5} e5 {16}
57. c5 {21} Kf1 {16} 58. Nxe5 {89} Rxe5 {8} 59. Kb4 {
Nasi bietet Remis (Lag: Av=0.83s, max=7.5s) 20} 1/2-1/2